All Capital Cities of the World by Population - Statistics

General Stats
  • This quiz has been taken 772 times
    755 since last reset
  • The average score is 46 of 197
Answer Stats
Continent Population Answer % Correct
Asia 40.2 m Tokyo
99%
Asia 30.6 m Jakarta
92%
Asia 29.4 m Delhi
91%
North America 22.8 m Mexico City
91%
Africa 20.5 m Cairo
88%
South America 16.3 m Buenos Aires
85%
Asia 25.2 m Manila
85%
Asia 24.7 m Seoul
85%
Europe 17.2 m Moscow
84%
Asia 20.4 m Beijing
82%
Europe 14.7 m London
82%
South America 9.80 m Bogota
80%
South America 9.90 m Lima
80%
Europe 11.4 m Paris
80%
North America 8.55 m Washington, D.C.
79%
Asia 18.3 m Bangkok
78%
Asia 19.5 m Dhaka
76%
Asia 15.0 m Tehran
73%
Africa 12.0 m Kinshasa
70%
South America 7.20 m Santiago
61%
Asia 8.70 m Kuala Lumpur
57%
Europe 6.45 m Madrid
57%
Asia 9.10 m Taipei
54%
Africa 7.90 m Luanda
52%
Europe 4.75 m Berlin
49%
South America 3.93 m Brasilia
47%
Asia 7.75 m Riyadh
47%
Asia 7.80 m Singapore
47%
South America 3.78 m Caracas
45%
North America 3.90 m Santo Domingo
41%
Europe 3.58 m Rome
40%
Asia 6.85 m Baghdad
39%
North America 3.15 m Guatemala City
37%
Europe 3.45 m Kiev
37%
Asia 5.02 m Hanoi
36%
North America 3.13 m Port-au-Prince
36%
South America 2.68 m Quito
36%
Europe 453 Vatican City
36%
Europe 3.35 m Athens
34%
Africa 6.15 m Khartoum
34%
Africa 5.95 m Nairobi
34%
Asia 4.98 m Ankara
31%
South America 2.35 m Asuncion
31%
Europe 4.1 k San Marino
31%
Europe 5.8 k Vaduz
30%
North America 2.20 m Havana
28%
South America 2.13 m La Paz
28%
Europe 2.50 m Amsterdam
27%
Europe 2.60 m Budapest
27%
South America 1.86 m Montevideo
27%
Asia 5.45 m Amman
26%
Europe 23 k Andorra la Vella
26%
Europe 5.8 k Valletta
26%
Europe 38 k Monaco
25%
Africa 4.95 m Accra
24%
Europe 2.50 m Lisbon
24%
Africa 3.73 m Addis Ababa
23%
Europe 2.35 m Warsaw
23%
Africa 3.90 m Algiers
22%
Oceania 431 k Canberra
22%
Asia 4.15 m Kabul
22%
North America 1.55 m Panama City
22%
South America 240 k Paramaribo
22%
Oceania 440 k Wellington
22%
Europe 2.20 m Bucharest
21%
Africa 4.18 m Cape Town
21%
Asia 3.75 m Damascus
21%
South America 118 k Georgetown
21%
Oceania 271 Ngerulmud
21%
North America 1.88 m San Salvador
21%
Oceania 747 Yaren
21%
Oceania 364 k Port Moresby
20%
Europe 2.25 m Stockholm
20%
Europe 2.23 m Vienna
20%
North America 1.29 m Ottawa
19%
North America 15 k Roseau
19%
Oceania 93 k Suva
19%
Oceania 41 k Apia
18%
North America 20 k Belmopan
18%
North America 20 k Castries
18%
Europe 1.69 m Copenhagen
18%
Africa 3.60 m Dakar
18%
Oceania 6.3 k Funafuti
18%
North America 13 k Kingstown
18%
Europe 124 k Luxembourg
18%
North America 1.35 m Managua
18%
Asia 2.93 m Pyongyang
18%
North America 22 k St. John's
18%
North America 14 k Basseterre
17%
Oceania 92 k Honiara
17%
Asia 3.03 m Kathmandu
17%
Asia 4.68 m Kuwait City
17%
Europe 2.05 m Minsk
17%
Oceania 27 k Nuku'alofa
17%
Oceania 6.6 k Palikir
17%
Europe 1.45 m Prague
17%
North America 33 k St. George's
17%
North America 1.15 m Tegucigalpa
17%
Africa 3.38 m Abuja
16%
North America 110 k Bridgetown
16%
Africa 3.40 m Kampala
16%
North America 662 k Kingston
16%
Oceania 51 k Port Vila
16%
Europe 133 k Reykjavik
16%
Oceania 28 k Majuro
15%
North America 37 k Port of Spain
15%
Asia 3.18 m Tashkent
15%
Europe 1.43 m Belgrade
14%
Europe 1.32 m Helsinki
14%
North America 274 k Nassau
14%
Europe 1.21 m Oslo
14%
Asia 2.73 m Sana'a
14%
North America 342 k San Jose
14%
Oceania 70 k Tarawa
14%
Africa 3.38 m Bamako
13%
Europe 1.20 m Brussels
13%
Asia 2.58 m Phnom Penh
13%
Europe 190 k Podgorica
13%
Africa 26 k Victoria
13%
Africa 3.30 m Yaounde
13%
Europe 554 k Dublin
12%
Europe 199 k Pristina
12%
Asia 2,63 m Baku
11%
Europe 134 k Bern
11%
Europe 440 k Bratislava
11%
Europe 285 k Ljubljana
11%
Europe 614 k Riga
11%
Africa 72 k Sao Tome
11%
Europe 276 k Sarajevo
11%
Europe 544 k Skopje
11%
Europe 1.30 m Sofia
11%
Europe 438 k Tallinn
11%
Europe 808 k Zagreb
11%
Asia 1.57 m Abu Dhabi
10%
Asia 1.78 m Beirut
10%
Europe 779 k Chisinau
10%
Asia 2.30 m Doha
10%
Africa 3.04 m Lusaka
10%
Asia 133 k Male
10%
Europe 557 k Tirana
10%
Europe 560 k Vilnius
10%
Asia 1.01 m Islamabad
9%
Africa 2.88 m Maputo
9%
Africa 2.63 m Tunis
9%
Asia 101 k Bandar Seri Begawan
8%
Africa 73 k Banjul
8%
Asia 277 k Dili
8%
Asia 7.45 m Hong Kong
8%
Africa 2.65 m Ouagadougou
8%
Asia 1.35 m Tbilisi
8%
Africa 2.35 m Brazzaville
7%
Africa 2.58 m Conakry
7%
Africa 111 k Moroni
7%
Africa 2.08 m Rabat
7%
Asia 108 k Sri Jayawardenepura Kotte
7%
Asia 1.43 m Ulaanbaatar
7%
Asia 1.50 m Yerevan
7%
Asia 1.44 m Ashgabat
6%
Africa 2.05 m Harare
6%
Asia 936 k Jerusalem
6%
Asia 1.57 m Manama
6%
Africa 2.00 m Mogadishu
6%
Asia 1.33 m Muscat
6%
Asia 1.16 m Naypyidaw
6%
Asia 326 k Nicosia
6%
Asia 1.18 m Nur-Sultan
6%
Africa 147 k Port Louis
6%
Africa 159 k Praia
6%
Asia 927 k Vientiane
6%
Asia 1.07 m Bishkek
5%
Africa 2.15 m Lome
5%
Africa 99 k Mbabane
5%
Africa 604 k Djibouti
4%
Asia 863 k Dushanbe
4%
Africa 525 k Juba
4%
Africa 1.22 m Kigali
4%
Africa 1.29 m Tripoli
4%
Africa 1.28 m Antananarivo
3%
Africa 889 k Bangui
3%
Africa 492 k Bissau
3%
Africa 1.88 m Cotonou
3%
Africa 411 k Dodoma
3%
Africa 1.85 m Freetown
3%
Africa 273 k Gaborone
3%
Africa 989 k Lilongwe
3%
Africa 339 k Maseru
3%
Africa 1.64 m Monrovia
3%
Africa 1.35 m Niamey
3%
Africa 431 k Windhoek
3%
Africa 963 k Asmara
2%
Africa 135 k Gitega
2%
Africa 703 k Libreville
2%
Africa 297 k Malabo
2%
Africa 916 k N'Djamena
2%
Africa 1.31 m Nouakchott
2%
Asia 114 k Thimpu
2%
Africa 362 k Yamoussoukro
2%
No matching quizzes found
Score Distribution
Percent of People with Each Score
Percentile by Number Answered
Your Score History
You have not taken this quiz since the last reset